MARC-Details
| 000 -LEADER |
| fixed length control field |
02446pam a2200721 cc4500 |
| 001 - CONTROL NUMBER |
| control field |
1172022852 |
| 003 - CONTROL NUMBER IDENTIFIER |
| control field |
DE-101 |
| 005 - DATE AND TIME OF LATEST TRANSACTION |
| control field |
20260212135112.0 |
| 007 - PHYSICAL DESCRIPTION FIXED FIELD--GENERAL INFORMATION |
| fixed length control field |
tu |
| 008 - FIXED-LENGTH DATA ELEMENTS--GENERAL INFORMATION |
| fixed length control field |
181122s2019 gw ||||| |||| 00||||ger |
| 015 ## - NATIONAL BIBLIOGRAPHY NUMBER |
| National bibliography number |
19,A29 |
| Canceled/invalid national bibliography number |
18,N48 |
| Source |
dnb |
| 016 7# - NATIONAL BIBLIOGRAPHIC AGENCY CONTROL NUMBER |
| Source |
DE-101 |
| Record control number |
1172022852 |
| 020 ## - INTERNATIONAL STANDARD BOOK NUMBER |
| International Standard Book Number |
9783551799456 |
| Terms of availability |
Broschur : EUR 6.95 (DE), EUR 7.20 (AT), CHF 10.50 (freier Preis) |
| 020 ## - INTERNATIONAL STANDARD BOOK NUMBER |
| International Standard Book Number |
3551799458 |
| 024 3# - OTHER STANDARD IDENTIFIER |
| Standard number or code |
9783551799456 |
| 035 ## - SYSTEM CONTROL NUMBER |
| System control number |
(DE-599)DNB1172022852 |
| 035 ## - SYSTEM CONTROL NUMBER |
| System control number |
(OCoLC)1076509525 |
| 040 ## - CATALOGING SOURCE |
| Original cataloging agency |
1245 |
| Language of cataloging |
ger |
| Transcribing agency |
DE-101 |
| Modifying agency |
9999 |
| Description conventions |
rda |
| 041 ## - LANGUAGE CODE |
| Language code of text/sound track or separate title |
ger |
| Language code of original |
jpn |
| 044 ## - COUNTRY OF PUBLISHING/PRODUCING ENTITY CODE |
| ISO country code |
XA-DE |
| 082 74 - DEWEY DECIMAL CLASSIFICATION NUMBER |
| Classification number |
741.5 |
| Assigning agency |
DE-101 |
| Edition number |
23sdnb |
| 100 1# - MAIN ENTRY--PERSONAL NAME |
| Authority record control number or standard number |
(DE-588)1063396298 |
| -- |
https://d-nb.info/gnd/1063396298 |
| -- |
(DE-101)1063396298 |
| Personal name |
Isayama, Hajime |
| Dates associated with a name |
1986- |
| Relator term |
Verfasser |
| Relationship |
aut |
| Source of heading or term |
gnd |
| 245 10 - TITLE STATEMENT |
| Title |
Attack on Titan |
| Number of part/section of a work |
25 |
| Statement of responsibility, etc. |
Hajime Isayama ; aus dem Japanischen von Claudia Peter |
| 250 ## - EDITION STATEMENT |
| Edition statement |
1. Aufl. |
| 264 31 - PRODUCTION, PUBLICATION, DISTRIBUTION, MANUFACTURE, AND COPYRIGHT NOTICE |
| Place of production, publication, distribution, manufacture |
Hamburg |
| Name of producer, publisher, distributor, manufacturer |
Carlsen Manga! |
| Date of production, publication, distribution, manufacture, or copyright notice |
2019 |
| 300 ## - PHYSICAL DESCRIPTION |
| Extent |
circa 192 Seiten |
| Dimensions |
164 g |
| 336 ## - CONTENT TYPE |
| Content type term |
Text |
| Content type code |
txt |
| Source |
rdacontent |
| 336 ## - CONTENT TYPE |
| Content type term |
unbewegtes Bild |
| Content type code |
sti |
| Source |
rdacontent |
| 337 ## - MEDIA TYPE |
| Media type term |
ohne Hilfsmittel zu benutzen |
| Media type code |
n |
| Source |
rdamedia |
| 338 ## - CARRIER TYPE |
| Carrier type term |
Band |
| Carrier type code |
nc |
| Source |
rdacarrier |
| 653 ## - INDEX TERM--UNCONTROLLED |
| Uncontrolled term |
(Produktform)Paperback / softback |
| 653 ## - INDEX TERM--UNCONTROLLED |
| Uncontrolled term |
(Zielgruppe)ab 16 bis 99 Jahre |
| 653 ## - INDEX TERM--UNCONTROLLED |
| Uncontrolled term |
(BISAC Subject Heading)CGN004050 |
| 653 ## - INDEX TERM--UNCONTROLLED |
| Uncontrolled term |
(Produktform (spezifisch))Unflipped manga format |
| 653 ## - INDEX TERM--UNCONTROLLED |
| Uncontrolled term |
Attack on Titan |
| 653 ## - INDEX TERM--UNCONTROLLED |
| Uncontrolled term |
shingeki no kyojin |
| 653 ## - INDEX TERM--UNCONTROLLED |
| Uncontrolled term |
Japanische Leserichtung |
| 653 ## - INDEX TERM--UNCONTROLLED |
| Uncontrolled term |
Hajime Isayama |
| 653 ## - INDEX TERM--UNCONTROLLED |
| Uncontrolled term |
Manga |
| 653 ## - INDEX TERM--UNCONTROLLED |
| Uncontrolled term |
Bestseller |
| 653 ## - INDEX TERM--UNCONTROLLED |
| Uncontrolled term |
Bestseller Manga |
| 653 ## - INDEX TERM--UNCONTROLLED |
| Uncontrolled term |
erfolgreicher Manga |
| 653 ## - INDEX TERM--UNCONTROLLED |
| Uncontrolled term |
Eren |
| 653 ## - INDEX TERM--UNCONTROLLED |
| Uncontrolled term |
Mikasa |
| 653 ## - INDEX TERM--UNCONTROLLED |
| Uncontrolled term |
Armin |
| 653 ## - INDEX TERM--UNCONTROLLED |
| Uncontrolled term |
Annie |
| 653 ## - INDEX TERM--UNCONTROLLED |
| Uncontrolled term |
Levi |
| 653 ## - INDEX TERM--UNCONTROLLED |
| Uncontrolled term |
Riesen |
| 653 ## - INDEX TERM--UNCONTROLLED |
| Uncontrolled term |
Titanen |
| 653 ## - INDEX TERM--UNCONTROLLED |
| Uncontrolled term |
Menschenfresser |
| 653 ## - INDEX TERM--UNCONTROLLED |
| Uncontrolled term |
Seinen |
| 653 ## - INDEX TERM--UNCONTROLLED |
| Uncontrolled term |
Action |
| 653 ## - INDEX TERM--UNCONTROLLED |
| Uncontrolled term |
Fantasy |
| 653 ## - INDEX TERM--UNCONTROLLED |
| Uncontrolled term |
(VLB-WN)2182: Taschenbuch / Belletristik/Comic, Cartoon, Humor, Satire/Manga, Manhwa |
| 653 ## - INDEX TERM--UNCONTROLLED |
| Uncontrolled term |
(BISAC Subject Heading)CGN004050: COMICS & GRAPHIC NOVELS / Manga / General |
| 655 #7 - INDEX TERM--GENRE/FORM |
| Authority record control number or standard number |
(DE-588)4010427-8 |
| -- |
https://d-nb.info/gnd/4010427-8 |
| -- |
(DE-101)040104273 |
| Genre/form data or focus term |
Comic |
| Source of term |
gnd-content |
| 772 08 - SUPPLEMENT PARENT ENTRY |
| Relationship information |
Enthalten in |
| International Standard Book Number |
9783551791689 |
| 772 08 - SUPPLEMENT PARENT ENTRY |
| Relationship information |
Enthalten in |
| International Standard Book Number |
9783551794192 |
| 773 08 - HOST ITEM ENTRY |
| Enumeration and first page |
225 |
| Record control number |
(DE-101)1049428676 |
| 856 42 - ELECTRONIC LOCATION AND ACCESS |
| Contact for access assistance |
B:DE-101 |
| Electronic format type |
application/pdf |
| Uniform Resource Identifier |
<a href="https://d-nb.info/1172022852/04">https://d-nb.info/1172022852/04</a> |
| Materials specified |
Inhaltsverzeichnis |
| 942 ## - ADDED ENTRY ELEMENTS (KOHA) |
| Source of classification or shelving scheme |
Dewey Decimal Classification |
| Koha item type |
Manga |
| Suppress in OPAC |
No |